Výskum rezných podmienok priečneho pílenia dreva

Bibliographic Details
Main Authors: Mikleš, Milan, 1946- (Author), Kováč, Ján, 1978- (Author), Krilek, Jozef, 1981- (Author)
Format: Book
Language:Slovak
PhysicalDescription:61 s. ilustr., sch., tab. 25 cm
Published: Vo Zvolene Technická univerzita 2010
ISBN:9788022821476
Edition:1. vyd.
Subjects:

MARC

LEADER 00000cam a2200000 a 4500
001 vtls010192829
003 SK-MaSNL
005 20260301031301.0
008 240314s2010 xo al f a 000 0 slo
015 |a SNBA2011/02-00816 
020 |a 9788022821476  |q (brož.) 
035 |a E8140A9D-69DC-40DE-A81A-FBF3FA52980C 
035 |a urn:nbn:sk:snk-amkb6x 
035 |a urn:nbn:sk:snk-am008jy9 
040 |a SNK  |b slo  |c SNK  |e AACR2 
041 0 |a slo  |b eng  |b ger 
044 |a xo  |c SK 
072 7 |a 674  |x Drevo. Drevársky priemysel  |2 konspekt 
080 |a 674.02  |2 2001 
080 |a 674  |2 2001 
080 |a (048.8)  |2 2001 
080 |a 674.023  |2 2001 
080 |a 621.934  |2 2001 
100 1 |a Mikleš, Milan,  |d 1946-  |4 aut  |9 85592 
245 1 0 |a Výskum rezných podmienok priečneho pílenia dreva  |c Milan Mikleš, Ján Kováč, Jozef Krilek 
250 |a 1. vyd. 
260 |a Vo Zvolene  |b Technická univerzita  |c 2010 
300 |a 61 s.  |b ilustr., sch., tab.  |c 25 cm 
366 |e 50 výt. 
504 |a Bibliogr. s. 56-58 
546 |a Res. angl. a nem. 
650 0 7 |a spracovanie dreva  |2 SNKPH  |9 3561 
650 0 7 |a drevársky priemysel  |2 SNKPH  |9 1117 
650 0 7 |a Woodworking processes  |2 SNKPHeng  |9 303472 
650 0 7 |a Timber industry  |2 SNKPHeng  |9 267055 
650 0 7 |a rezanie dreva  |2 SNKPH  |9 68266 
650 0 7 |a Wood cutting  |2 SNKPHeng  |9 326503 
650 0 7 |a kotúčové píly  |2 SNKPH  |9 28104 
650 0 7 |a Circular saws  |2 SNKPHeng  |9 324558 
655 7 |a štúdie  |2 SNKPH  |9 57033 
655 7 |a Studies  |2 SNKPHeng  |9 265573 
700 1 |a Kováč, Ján,  |d 1978-  |4 aut  |9 159751 
700 1 |a Krilek, Jozef,  |d 1981-  |4 aut  |9 184030 
710 2 |a Technická univerzita vo Zvolene.  |b Fakulta environmentálnej a výrobnej techniky  |4 pbl  |9 133252 
752 |a Slovensko  |d Zvolen 
852 |a Štátna vedecká knižnica v Banskej Bystrici 
919 |a 978-80-228-2147-6 
958 |a NB 
958 |a OND 
968 |d 66/69 
999 |c 576333  |d 578263 
952 |a SNK  |b SNK  |y PREZ  |7 0  |p 17A0681239  |o snkSC 143035  |i snk2010/26314  |8 0  |0 0  |1 0  |4 0  |d 2010-11-29  |l 0  |r 2025-07-10 00:00:00  |w 2026-02-23 
952 |a SNK  |b SNK  |y VYP  |7 0  |p 17A0681238  |o snkSC 143035 D1  |i snk2010/26315  |8 0  |0 0  |1 0  |4 0  |d 2010-11-29  |f 1  |l 0  |r 2026-02-23 14:33:05  |w 2026-02-23